=LDR 00000nam 2200000 4500 =001 INLIS000000001052682 =005 20240919110841 =035 ##$$a 0010-0924000221 =007 ta =008 240919###########################0###### =082 ##$$a 930.009 598 65 =084 ##$$a 930.009 598 65 EST b =100 #$$a Esti Ebhi Evolisa =245 1#$$a Buku Cagar Budaya NTB 2018 / Dra. Esti Ebhi Evolisa, Sahnan, S.H. =260 ##$$a Mataram :$b Dinas Pendidikan dan Kebudayaan Provinsi Nusa Tenggara Barat,$c 2018 =300 ##$$a vi. 71 Halaman : $b ilustrasi ; $c 24 cm =650 #4$$a Akeologi =990 ##$$a 20912091 =990 ##$$a 20912091 =990 ##$$a 334/53/2024 =990 ##$$a 3202402091 =990 ##$$a 334/53/2024 =990 ##$$a 334/53/2024